| 000 | 00778nam a2200229 i 4500 | ||
|---|---|---|---|
| 001 | 145829 | ||
| 003 | ES-MaACL | ||
| 005 | 20250807235854.0 | ||
| 007 | t| | ||
| 008 | 071017s1969 sp ||||1| spa d | ||
| 017 | _aM 16536-1969 | ||
| 100 | 1 |
_aVergés, Salvador. _9114112 |
|
| 245 | 1 | 0 |
_aDios revelado por Cristo / _cpor Salvador Vergés, José María Dalmau. |
| 260 |
_aMadrid : _b[La Editorial Católica], _c1969. |
||
| 300 |
_aXXIV, 549 p. ; _c20 cm. |
||
| 490 | 1 |
_aBiblioteca de autores cristianos ; _v292. _aHistoria Salutis |
|
| 700 | 1 |
_aDalmau, José María. _942515 |
|
| 830 | 0 | 0 |
_aBiblioteca de autores cristianos. _pHistoria salutis _v292. _9178685 |
| 852 |
_aES-MaACL _jC-52008 _bR.71772 |
||
| 852 |
_aES-MaACL _jJ-286 _9R.46092 |
||
| 999 |
_c145829 _d145829 |
||